| 000 | 00627nam a22002297a 4500 | ||
|---|---|---|---|
| 005 | 20170124110109.0 | ||
| 010 | _a758901 | ||
| 020 | _c00.00 | ||
| 035 | _a758901 | ||
| 037 | _bCen Lib/Ret | ||
| 040 |
_aDPL _bEN |
||
| 082 |
_aN _bFAL |
||
| 100 |
_aFaludy, George _928713 |
||
| 245 |
_aKaroton / _cby George Faludy; translated by Flora Papastavrou |
||
| 260 |
_aLondon _bEyre & spottiswoode _c1966 |
||
| 270 |
_bLondon _a167 Fleet street |
||
| 300 |
_a303p. _c19cm(Hb) |
||
| 650 |
_aEnglish literature _928714 |
||
| 650 |
_aEnglish novel _914422 |
||
| 700 |
_96348 _aPapastavrou, Flora |
||
| 942 |
_2ddc _cEN _hN _mFAL |
||
| 999 |
_c130253 _d130253 |
||